000
00309nam a22001457a 4500
003
SGT
082
_a
648
_b
AND
100
_a
ANDREWS, SUDHIR
245
_a
HOTEL HOUSEKEEPING
250
_a
1ST
260
_a
INDIA
_b
MC GRAW HILL
_c
2010
300
_a
302
650
_a
HOTEL HOUSEKEEPING
942
_2
ddc
_c
BK
_0
2
999
_c
28557
_d
28557